000 00612nam a2200241 i 4500
001 C2-0236095
003 PPAK
005 20180727200010.0
008 010930s2000 nyu |||| ||||| | eng d
020 _a0345445503
040 _aPPAK
_beng
_cPPAK
_erda
082 0 4 _a823
_223
090 0 0 _a823
_bBER
_dG
100 1 _aBerg, Elizabeth,
_eauthor
245 1 0 _aOpen house
264 1 _aNew York :
_bBallantine Books ,
_c2000
300 _a245 pages ;
_c18 cm
336 _2rdacontent
_atext
337 _2rdamedia
_aunmediated
338 _2rdacarrier
_avolume
650 1 0 _aEnglish fiction
942 _ddc
_cB
999 _c51980
_d51980